Statistics for Warrior Cats - Original Arc

Click here to take the quiz!

General Stats

  • This quiz has been taken 550 times
  • The average score is 9 of 12

Answer Stats

HintAnswer% Correct
Which clan is chased out of their territory?Windclan
93%
The cat that killed TigerstarScourge
91%
What is the name of the first book in the series?Into The Wild
89%
Which leader dies at the end of A Dangerous Path?Bluestar
87%
Who was the son of Yellowfang?Brokenstar
87%
Name given to Brightpaw after the dog attack by BluestarLostface
83%
Oakheart dies in a battle for which part of territory?Sunningrocks
79%
Who lives in Windover Farm?Barley
78%
Who assumed leadership of Shadowclan at the end of the first series?Blackfoot
78%
Who is the first Thunderclan warrior that Rusty meets?Lionheart
74%
Who is murdered to give the dog pack a taste for cat blood?Brindleface
68%
Which of the 'Erins' wrote Forest of Secrets?Cherith Baldry
22%

Score Distribution

Percentile by Number Answered

Percent of People with Each Score

Your Score History

You have not taken this quiz